<?xml version="1.0" encoding="UTF-8"?>
<record
    xmlns:xsi="http://www.w3.org/2001/XMLSchema-instance"
    xsi:schemaLocation="http://www.loc.gov/MARC21/slim http://www.loc.gov/standards/marcxml/schema/MARC21slim.xsd"
    xmlns="http://www.loc.gov/MARC21/slim">

  <leader>00757nam a22002177a 4500</leader>
  <controlfield tag="005">20230713100052.0</controlfield>
  <controlfield tag="008">230713b           ||||| |||| 00| 0 eng d</controlfield>
  <datafield tag="020" ind1=" " ind2=" ">
    <subfield code="a">8171301975</subfield>
  </datafield>
  <datafield tag="040" ind1=" " ind2=" ">
    <subfield code="c">AL</subfield>
  </datafield>
  <datafield tag="041" ind1=" " ind2=" ">
    <subfield code="a">mal</subfield>
  </datafield>
  <datafield tag="082" ind1=" " ind2=" ">
    <subfield code="2">23</subfield>
    <subfield code="a">894.8123</subfield>
    <subfield code="b">VIJK</subfield>
  </datafield>
  <datafield tag="100" ind1=" " ind2=" ">
    <subfield code="a">O V Vijayan: &#xD13; &#xD35;&#xD3F; &#xD35;&#xD3F;&#xD1C;&#xD2F;&#xD7B; </subfield>
    <subfield code="9">126572</subfield>
  </datafield>
  <datafield tag="245" ind1=" " ind2=" ">
    <subfield code="a">Kattu Paranja Katha:</subfield>
    <subfield code="b">&#xD15;&#xD3E;&#xD31;&#xD4D;&#xD31;&#xD4D; &#xD2A;&#xD31;&#xD1E;&#xD4D;&#xD1E; &#xD15;&#xD25; </subfield>
  </datafield>
  <datafield tag="260" ind1=" " ind2=" ">
    <subfield code="a">Kottayam</subfield>
    <subfield code="b">D C Books</subfield>
    <subfield code="c">1992</subfield>
  </datafield>
  <datafield tag="300" ind1=" " ind2=" ">
    <subfield code="a">122p.</subfield>
    <subfield code="b">PB</subfield>
    <subfield code="c">21x14cm.</subfield>
  </datafield>
  <datafield tag="365" ind1=" " ind2=" ">
    <subfield code="2">Malayalam</subfield>
    <subfield code="b">22.00</subfield>
    <subfield code="c">&#x20B9;</subfield>
    <subfield code="d">22.00</subfield>
  </datafield>
  <datafield tag="650" ind1=" " ind2=" ">
    <subfield code="a">Malayalam Fiction: &#xD2E;&#xD32;&#xD2F;&#xD3E;&#xD33;&#xD02; &#xD2B;&#xD3F;&#xD15;&#xD4D;&#xD37;&#xD7B; </subfield>
    <subfield code="9">126569</subfield>
  </datafield>
  <datafield tag="650" ind1=" " ind2=" ">
    <subfield code="a">Malayalam Novel: &#xD2E;&#xD32;&#xD2F;&#xD3E;&#xD33;&#xD02; &#xD28;&#xD4B;&#xD35;&#xD7D; </subfield>
    <subfield code="9">126570</subfield>
  </datafield>
  <datafield tag="700" ind1=" " ind2=" ">
    <subfield code="a">VIJAYAN (O V): &#xD35;&#xD3F;&#xD1C;&#xD2F;&#xD7B; (&#xD13; &#xD35;&#xD3F;)</subfield>
    <subfield code="9">126571</subfield>
  </datafield>
  <datafield tag="942" ind1=" " ind2=" ">
    <subfield code="2">ddc</subfield>
    <subfield code="c">DB</subfield>
  </datafield>
  <datafield tag="999" ind1=" " ind2=" ">
    <subfield code="c">227824</subfield>
    <subfield code="d">227824</subfield>
  </datafield>
  <datafield tag="952" ind1=" " ind2=" ">
    <subfield code="0">0</subfield>
    <subfield code="1">0</subfield>
    <subfield code="2">ddc</subfield>
    <subfield code="4">0</subfield>
    <subfield code="7">0</subfield>
    <subfield code="8">OTH</subfield>
    <subfield code="a">AL</subfield>
    <subfield code="b">AL</subfield>
    <subfield code="d">2023-06-14</subfield>
    <subfield code="l">0</subfield>
    <subfield code="o">894.8123 VIJK</subfield>
    <subfield code="p">D05834</subfield>
    <subfield code="r">2023-07-13 00:00:00</subfield>
    <subfield code="v">22.00</subfield>
    <subfield code="w">2023-07-13</subfield>
    <subfield code="y">DB</subfield>
    <subfield code="z">Donated by Sara Abubakkar</subfield>
  </datafield>
</record>
